Southville International School and Colleges
Your cart is empty.
  • Cart
  • Lists
    Public lists Eva Luna New books Lux_list list_1
    Your lists Log in to create your own lists
  • Log in to your account
  • Your cookies
  • Search history
Southville International School and Colleges
  • Advanced search
  • Recent comments
  • Most popular
  • Libraries

Log in to your account

Log in with GOOGLE


If you do not have an external account, but do have a local account, you can still log in:

  1. Home
  2. MARC view: Retorika sa mabisang pagpapahayag /
Normal view MARC view ISBD view

Retorika sa mabisang pagpapahayag / (Record no. 293399)

[ view plain ]
MARC details
000 -LEADER
fixed length control field 00613nam a2200217Ia 4500
008 - FIXED-LENGTH DATA ELEMENTS--GENERAL INFORMATION
fixed length control field 160418s9999 xx 000 0 und d
020 ## - INTERNATIONAL STANDARD BOOK NUMBER
International Standard Book Number 971-08-6079-8
050 ## - LIBRARY OF CONGRESS CALL NUMBER
Classification number FIL PL 5505
050 ## - LIBRARY OF CONGRESS CALL NUMBER
Item number .A77 2000 c.2
100 ## - MAIN ENTRY--PERSONAL NAME
Personal name Arrogante, Jose A.
245 ## - TITLE STATEMENT
Title Retorika sa mabisang pagpapahayag /
245 ## - TITLE STATEMENT
Statement of responsibility, etc Jose A. Arrogante.
260 ## - PUBLICATION, DISTRIBUTION, ETC. (IMPRINT)
Place of publication, distribution, etc Mandaluyong:
260 ## - PUBLICATION, DISTRIBUTION, ETC. (IMPRINT)
Name of publisher, distributor, etc National Book Store,
260 ## - PUBLICATION, DISTRIBUTION, ETC. (IMPRINT)
Date of publication, distribution, etc 2000
300 ## - PHYSICAL DESCRIPTION
Extent 243 pages :
300 ## - PHYSICAL DESCRIPTION
Other physical details illustrations ;
300 ## - PHYSICAL DESCRIPTION
Dimensions 22 cm.
500 ## - GENERAL NOTE
General note Includes bibliographical references.
650 ## - SUBJECT ADDED ENTRY--TOPICAL TERM
Topical term or geographic name as entry element Filipino language -- Rhetoric -- Study and teaching.
Holdings
Withdrawn status Lost status Damaged status Home library Current library Shelving location Date acquired Cost, normal purchase price Total Checkouts Full call number Barcode Date last seen Price effective from Koha item type
      South Mansfield College South Mansfield College Filipiniana Section 03/07/2005 125.00   FIL PL 5505 .A77 2000 c.2 SMC01745 04/18/2016 04/18/2016  

Retorika sa mabisang pagpapahayag /

APA

Arrogante J. A., .Retorika sa mabisang pagpapahayag. Mandaluyong: .

Chicago

Arrogante Jose A, .Retorika sa mabisang pagpapahayag. Mandaluyong: .

Harvard

Arrogante J. A., .Retorika sa mabisang pagpapahayag. Mandaluyong: .

MLA

Arrogante Jose A, .Mandaluyong: . .

  • Place hold
  • Print
  • Cite
  • Add to your cart (remove)
  • Save record
    BIBTEX Dublin Core MARCXML MARC (non-Unicode/MARC-8) MARC (Unicode/UTF-8) MARC (Unicode/UTF-8, Standard) MODS (XML) RIS
  • More searches
    Search for this title in:
    Other Libraries (WorldCat) Other Databases (Google Scholar) Online Stores (Bookfinder.com) Open Library (openlibrary.org)

Exporting to Dublin Core...

SOUTHVILLE LIBRARY

Southville International School and Colleges Library

1281 Tropical Ave. Cor. Luxembourg St., BF Homes International, Las Pinas City

Tel. No. 8256374 / 252358 Loc. 117/146

Powered by Koha